<?xml version="1.0" encoding="UTF-8"?>
<record
    xmlns:xsi="http://www.w3.org/2001/XMLSchema-instance"
    xsi:schemaLocation="http://www.loc.gov/MARC21/slim http://www.loc.gov/standards/marcxml/schema/MARC21slim.xsd"
    xmlns="http://www.loc.gov/MARC21/slim">

  <leader>03547cam a22004934i 4500</leader>
  <controlfield tag="003">PE-LiUPU</controlfield>
  <controlfield tag="005">20250731172858.0</controlfield>
  <controlfield tag="008">170102s2016    xxua    r   b 001 0 eng d</controlfield>
  <datafield tag="020" ind1=" " ind2=" ">
    <subfield code="a">0830850961</subfield>
  </datafield>
  <datafield tag="020" ind1=" " ind2=" ">
    <subfield code="a">9780830850969</subfield>
  </datafield>
  <datafield tag="035" ind1=" " ind2=" ">
    <subfield code="a">(Sirsi) a165797</subfield>
  </datafield>
  <datafield tag="040" ind1=" " ind2=" ">
    <subfield code="a">PE-LiUPU</subfield>
    <subfield code="b">spa</subfield>
    <subfield code="c">PE-LiUPU</subfield>
    <subfield code="e">rda</subfield>
  </datafield>
  <datafield tag="049" ind1=" " ind2=" ">
    <subfield code="a">PRUA</subfield>
  </datafield>
  <datafield tag="082" ind1="0" ind2="4">
    <subfield code="a">266.009051</subfield>
    <subfield code="b">T46</subfield>
    <subfield code="2">23</subfield>
  </datafield>
  <datafield tag="245" ind1="0" ind2="4">
    <subfield code="a">The state of missiology today :</subfield>
    <subfield code="b">global innovations in Christian witness /</subfield>
    <subfield code="c">edited by Charles E. Van Engen.</subfield>
  </datafield>
  <datafield tag="264" ind1=" " ind2="1">
    <subfield code="a">Downers Grove, Illnois :</subfield>
    <subfield code="b">IVP Academic, an imprint of InterVarsity Press,</subfield>
    <subfield code="c">[2016]</subfield>
  </datafield>
  <datafield tag="300" ind1=" " ind2=" ">
    <subfield code="a">x, 304 p&#xE1;ginas </subfield>
    <subfield code="b">ilustraciones ;</subfield>
    <subfield code="c">23 centimetros</subfield>
  </datafield>
  <datafield tag="336" ind1=" " ind2=" ">
    <subfield code="a">text</subfield>
    <subfield code="2">rdacontent</subfield>
  </datafield>
  <datafield tag="337" ind1=" " ind2=" ">
    <subfield code="a">unmediated</subfield>
    <subfield code="2">rdamedia</subfield>
  </datafield>
  <datafield tag="338" ind1=" " ind2=" ">
    <subfield code="a">volume</subfield>
    <subfield code="2">rdacarrier</subfield>
  </datafield>
  <datafield tag="504" ind1=" " ind2=" ">
    <subfield code="a">Bibliograf&#xED;a : p&#xE1;ginas 299-300.</subfield>
  </datafield>
  <datafield tag="504" ind1=" " ind2=" ">
    <subfield code="a">&#xCD;ndices: p&#xE1;ginas 301-304.</subfield>
  </datafield>
  <datafield tag="505" ind1="0" ind2=" ">
    <subfield code="a">Introduction:</subfield>
    <subfield code="t">Innovating mission : retrospect and prospect in the field of missiology /</subfield>
    <subfield code="r">Charles E. Van Engen --</subfield>
    <subfield code="g">Part 1:</subfield>
    <subfield code="t">The diffusion of innovation : looking backward to look ahead --</subfield>
    <subfield code="t">Donald A. McGavran: life, influence and legacy in mission /</subfield>
    <subfield code="r">Gary L. McIntosh --</subfield>
    <subfield code="t">Innovations in missiological hermeneutics /</subfield>
    <subfield code="r">Shawn B. Redford --</subfield>
    <subfield code="t">Seeing with church-growth eyes : the rise of indigenous church movements in mission praxis /</subfield>
    <subfield code="r">Sarita D. Gallagher --</subfield>
    <subfield code="t">A "fuller" vision of God's mission and theological education in the new context of global Christianity /</subfield>
    <subfield code="r">Wonsuk Ma --</subfield>
    <subfield code="t">Who is our Cornelius? : Learning from fruitful encounters at the boundaries of mission /</subfield>
    <subfield code="r">Pascal D. Bazzell --</subfield>
    <subfield code="t">Rethinking the nature of Christian mission : a South Korean perspective /</subfield>
    <subfield code="r">Moonjang Lee --</subfield>
    <subfield code="t">What does Rome have to do with Pasadena? : connecting Roman Catholic missiology with SWM/SIS innovations /</subfield>
    <subfield code="r">Stephen Bevans --</subfield>
    <subfield code="g">Part 2:</subfield>
    <subfield code="t">The implications of innovation : back to the future (looking forward) --</subfield>
    <subfield code="t">Innovation at the margins /</subfield>
    <subfield code="r">Jayakumar Christian --</subfield>
    <subfield code="t">Mission trajectories in the twenty-first century : interfaith roads best traveled /</subfield>
    <subfield code="r">Terry C. Muck --</subfield>
    <subfield code="t">Mission in the Islamic world : making theological and missiological sense of Muhammad /</subfield>
    <subfield code="r">John A. Azumah --</subfield>
    <subfield code="t">Emergence of new paths : the future of mission in Roman Catholicism /</subfield>
    <subfield code="r">Mary Motte -- Revisiting mission in, to and from Europe through contemporary image formation /</subfield>
    <subfield code="r">Anne-Marie Kool --</subfield>
    <subfield code="t">Declaring the wonders of God in our own tongues : Africa, mission and the making of world Christianity /</subfield>
    <subfield code="r">J. Kwabena Asamoah-Gyadu --</subfield>
    <subfield code="t">Eschatology and mission : a Latin American perspective /</subfield>
    <subfield code="r">Pablo A. Deiros --</subfield>
    <subfield code="g">Conclusion:</subfield>
    <subfield code="t">A historian's hunches : eight future trends in mission /</subfield>
    <subfield code="r">Scott W. Sunquist.</subfield>
  </datafield>
  <datafield tag="526" ind1=" " ind2=" ">
    <subfield code="a">SEG42</subfield>
  </datafield>
  <datafield tag="526" ind1=" " ind2=" ">
    <subfield code="a">SEG41</subfield>
  </datafield>
  <datafield tag="526" ind1=" " ind2=" ">
    <subfield code="a">SEG40</subfield>
  </datafield>
  <datafield tag="526" ind1=" " ind2=" ">
    <subfield code="a">SEG39</subfield>
  </datafield>
  <datafield tag="526" ind1=" " ind2=" ">
    <subfield code="a">P94</subfield>
  </datafield>
  <datafield tag="526" ind1=" " ind2=" ">
    <subfield code="a">P87</subfield>
  </datafield>
  <datafield tag="526" ind1=" " ind2=" ">
    <subfield code="a">P86</subfield>
  </datafield>
  <datafield tag="526" ind1=" " ind2=" ">
    <subfield code="a">P85</subfield>
  </datafield>
  <datafield tag="526" ind1=" " ind2=" ">
    <subfield code="a">P77</subfield>
  </datafield>
  <datafield tag="526" ind1=" " ind2=" ">
    <subfield code="a">P76</subfield>
  </datafield>
  <datafield tag="526" ind1=" " ind2=" ">
    <subfield code="a">P35</subfield>
  </datafield>
  <datafield tag="650" ind1="0" ind2="4">
    <subfield code="a">Misiones </subfield>
    <subfield code="x">Teor&#xED;a.</subfield>
  </datafield>
  <datafield tag="650" ind1="0" ind2="4">
    <subfield code="a">Misiones </subfield>
    <subfield code="x">Teor&#xED;a.</subfield>
    <subfield code="2">fast</subfield>
    <subfield code="0"> (OCoLC) fst01023834</subfield>
  </datafield>
  <datafield tag="700" ind1="1" ind2=" ">
    <subfield code="a">Engen, Charles Edward van,</subfield>
    <subfield code="e">editor.</subfield>
  </datafield>
  <datafield tag="910" ind1=" " ind2=" ">
    <subfield code="a">jck</subfield>
    <subfield code="b">jvq</subfield>
    <subfield code="c">jck</subfield>
    <subfield code="d">20160102</subfield>
  </datafield>
  <datafield tag="942" ind1=" " ind2=" ">
    <subfield code="2">ddc</subfield>
    <subfield code="c">BOOK</subfield>
  </datafield>
  <datafield tag="949" ind1=" " ind2=" ">
    <subfield code="a">266.009051 T46</subfield>
    <subfield code="w">DEWEY</subfield>
    <subfield code="c">1</subfield>
    <subfield code="i">75480</subfield>
    <subfield code="l">CATALOGING</subfield>
    <subfield code="m">BUL</subfield>
    <subfield code="p">00.00</subfield>
    <subfield code="r">0</subfield>
    <subfield code="s">Y</subfield>
    <subfield code="t">BOOK</subfield>
    <subfield code="u">2016-01-02</subfield>
    <subfield code="x">TEOLOGIA</subfield>
    <subfield code="z">POSGRADO TEOLOG&#xCD;A</subfield>
    <subfield code="0">COMPRA</subfield>
    <subfield code="o">.CIRCNOTE. El documento es de alto precio.</subfield>
    <subfield code="o">.STAFF. Colecci&#xF3;n Teolog&#xED;a</subfield>
  </datafield>
  <datafield tag="596" ind1=" " ind2=" ">
    <subfield code="a">1</subfield>
  </datafield>
  <datafield tag="999" ind1=" " ind2=" ">
    <subfield code="a">266.009051 T46</subfield>
    <subfield code="w">DEWEY</subfield>
    <subfield code="c">14545</subfield>
    <subfield code="i">75481</subfield>
    <subfield code="d">14545</subfield>
    <subfield code="f">2021-11-10</subfield>
    <subfield code="g">5</subfield>
    <subfield code="l">CCODEBUL1</subfield>
    <subfield code="m">BUL</subfield>
    <subfield code="p">36.00</subfield>
    <subfield code="q">1</subfield>
    <subfield code="r">0</subfield>
    <subfield code="s">Y</subfield>
    <subfield code="t">BOOK</subfield>
    <subfield code="u">2017-1-2</subfield>
    <subfield code="x">TEOLOGIA</subfield>
    <subfield code="P">P85</subfield>
    <subfield code="0">COMPRA</subfield>
    <subfield code="o">.STAFF. Colecci&#xF3;n Teolog&#xED;a</subfield>
  </datafield>
  <datafield tag="980" ind1=" " ind2=" ">
    <subfield code="8">1</subfield>
    <subfield code="g">ALBERTO SANCHEZ Responsable de Automatizaci&#xF3;n</subfield>
  </datafield>
  <datafield tag="952" ind1=" " ind2=" ">
    <subfield code="r">2025-12-02 00:00:00</subfield>
    <subfield code="i">6</subfield>
    <subfield code="l">0</subfield>
    <subfield code="o">266.009051 T46</subfield>
    <subfield code="p">75481</subfield>
    <subfield code="t">e1</subfield>
    <subfield code="v">41.00</subfield>
    <subfield code="w">2017-01-02</subfield>
    <subfield code="x">PG</subfield>
    <subfield code="y">BK</subfield>
    <subfield code="z">inventario-2023-12-13</subfield>
    <subfield code="1">0</subfield>
    <subfield code="2">ddc</subfield>
    <subfield code="5">0</subfield>
    <subfield code="7">0</subfield>
    <subfield code="8">GEN</subfield>
    <subfield code="f">P85</subfield>
    <subfield code="a">BUL</subfield>
    <subfield code="b">BUL</subfield>
    <subfield code="c">GEN</subfield>
    <subfield code="d">2017-01-02</subfield>
    <subfield code="e">COMPRA</subfield>
    <subfield code="g">36.00</subfield>
  </datafield>
</record>
